MARC

LEADER 00000nam0a2200000 4500
001 68800
005 20231031075132.0
010 |a 5894281288 
035 |a (RuTPU)RU\TPU\book\73263 
090 |a 68800 
100 |a 20041011d2003 k y0rusy50 ca 
101 0 |a rus 
102 |a RU 
105 |a a z 101zy 
200 1 |a Болота и биосфера  |e Материалы второй научной школы, 8-12 сентября 2003 г., Томск  |f Томский государственный педагогический университет 
210 |a Томск  |c Изд-во ТГПУ  |d 2003 
215 |a 210 с.  |c ил. 
225 1 |a Федеральная целевая программа "Интеграция науки и высшего образования России на 2002-2006 годы" 
320 |a Библиография в конце статей 
607 |a Томск 
610 1 |a биосфера 
610 1 |a болота 
610 1 |a конференции 
610 1 |a научные школы 
610 1 |a возникновение 
610 1 |a торфяные ресурсы 
610 1 |a рациональное использование 
610 1 |a торф 
610 1 |a гидрология 
610 1 |a научные школы 
610 1 |a семинары 
675 |a 556.56(063)  |v 3 
712 0 2 |a Томский государственный педагогический университет  |2 stltpush  |3 (RuTPU)RU\TPU\col\40 
712 1 2 |a Болота и биосфера  |b научная школа  |d 2  |e Томск  |f 2003 
801 1 |a RU  |b 63413507  |c 20041011  |g PSBO 
801 2 |a RU  |b 63413507  |c 20081113  |g PSBO 
942 |c BK